000 01409nam a22003257a 4500
001 1089
005 20250904082459.0
020 _a9789924502029
040 _aFISKH
_beng
_cFISKH
_dFISKH
082 _a646.72
100 _aDary, Heng
245 _aដូដូលាងដៃ /
_cនិពន្ធដោយ ហេង ដារី​ / គូររូបដោយ អ៊ុក រដ្ឋា
246 _aDodo washes hands
250 _aPrinting, April 2021.
260 _aPhnom Penh :
_bSipar,
_c2021.
300 _a19 unnumbered pages :
_bcolor illustrations,
_c19 cm.
505 _aE
520 _aសៀវភៅនេះនឹងប្រាប់កុមារតូចពីរបៀបលាងដៃអោយបានស្អាត និងត្រឹមត្រូវមុនពេលញ៉ាំអាហារនិងក្រោយពេលញ៉ាំអាហាររួច។
520 _aThis book tells young children how to wash their hands nicely and properly before and after lunch.
521 _a280
_bLexile estimate
521 _aE
_bRa-Plus
650 _vការលាងដៃ
_xគ្រួសារ
650 _vWashing Hands
650 _vWash
650 _vWashing Hands
650 _xWash hand
_2Family
650 _xpersonal hygiene
650 _xអានាម័យផ្ទាល់ខ្លួន
942 _2ddc
_cBK
_n0
999 _c1089
_d1089